ՀՀ Գիտությունների ազգային ակադեմիայի հիմնարար գիտական գրադարան  =   Fundamental Scientific Library of NAS RA

Сельскохозяйственные машины / (Record no. 234532)

MARC details
000 -LEADER
fixed length control field 01366cam a2200253 i 4500
001 - CONTROL NUMBER
control field 000651749
003 - CONTROL NUMBER IDENTIFIER
control field AM-YeHGA
005 - DATE AND TIME OF LATEST TRANSACTION
control field 20250617141227.0
008 - FIXED-LENGTH DATA ELEMENTS--GENERAL INFORMATION
fixed length control field 090417s1974 ai | |||||||||||||rus|d
040 ## - CATALOGING SOURCE
Original cataloging agency AM-YeHGA
041 0# - LANGUAGE CODE
Language code of text/sound track or separate title rus
090 ## - LOCALLY ASSIGNED LC-TYPE CALL NUMBER (OCLC); LOCAL CALL NUMBER (RLIN)
-- 236094
100 1# - MAIN ENTRY--PERSONAL NAME
Personal name Ковалев, Алексей Трифомович
245 10 - TITLE STATEMENT
Title Сельскохозяйственные машины /
Statement of responsibility, etc. А.Т. Ковалев, Г.А. Ширшов; Ун-т дружбы нар. им. П. Лумумбы, Каф. мех. и элек. с.-х. производства.
246 3# - VARYING FORM OF TITLE
Title proper/short title Agricultural machinery
260 ## - PUBLICATION, DISTRIBUTION, ETC.
Place of publication, distribution, etc. Москва :
Name of publisher, distributor, etc. Б. и.,
Date of publication, distribution, etc. 1974.
300 ## - PHYSICAL DESCRIPTION
Extent Часть ;
Dimensions 20 см.
504 ## - BIBLIOGRAPHY, ETC. NOTE
Bibliography, etc. note Библиогр. в подстроч. примеч.
505 10 - FORMATTED CONTENTS NOTE
Miscellaneous information Ч. 1 (1974, 150 с., рис.) :
Title Пособие для студентов и специалистов сельского хозяйства
650 14 - SUBJECT ADDED ENTRY--TOPICAL TERM
Topical term or geographic name entry element Сельскохозяйственные машины и орудия
650 14 - SUBJECT ADDED ENTRY--TOPICAL TERM
Topical term or geographic name entry element Механизация сельского хозяйства
700 1# - ADDED ENTRY--PERSONAL NAME
Personal name Ширшов, Григорий Андреевич
710 2# - ADDED ENTRY--CORPORATE NAME
Corporate name or jurisdiction name as entry element Университет дружбы народов им. П. Лумумбы.
Subordinate unit Кафедра механизации и электрификации сельскохозяйственного производства
Holdings
Withdrawn status Lost status Damaged status Not for loan Collection Home library Current library Date acquired Serial enumeration / chronology Total checkouts Full call number Barcode Date last seen Price effective from Koha item type Public note
        General Fundamental Scientific Library Fundamental Scientific Library 29/12/2016 Ч. 1   PII/342094 FL0279689 29/12/2016 29/12/2016 Գրքեր / Books 30 Days Loan


ՀՀ ԳԱԱ հիմնարար գիտական գրադարան
ՀՀ,Երևան 0019
Մարշալ Բաղրամյան 24/6
հեռախոս:(374-10) 52-47-50
Հետադարձ կապ

All site content, except where otherwise noted, is licensed under a
Creative Commons License